| 000 | 00358nam a22001457a 4500 | ||
|---|---|---|---|
| 008 | 210322b ||||| |||| 00| 0 eng d | ||
| 020 | _a0398035970 | ||
| 041 | _aeng | ||
| 080 | _a617 | ||
| 082 | _a617 | ||
| 100 | _a5 | ||
| 101 | _aKIR | ||
| 245 |
_aCryosurgical Advances in Dermatology and Tumors of the Head and Nack _cZacarian, S. A |
||
| 942 |
_2udc _cBK |
||
| 999 |
_c56658 _d56658 |
||